|
|
|
|
| LEADER |
00000nam0a2200000 4500 |
| 001 |
308995 |
| 005 |
20231102002139.0 |
| 010 |
|
|
|a 9785948364155
|
| 035 |
|
|
|a (RuTPU)RU\TPU\book\334316
|
| 090 |
|
|
|a 308995
|
| 100 |
|
|
|a 20151109d2016 km y0rusy50 ca
|
| 101 |
1 |
|
|a rus
|c eng
|
| 102 |
|
|
|a RU
|
| 105 |
|
|
|a a z 001zy
|
| 200 |
1 |
|
|a Мощные твердотельные СВЧ-усилители
|e пер. с англ.
|f Ф. Сечи, М. Буджатти
|
| 210 |
|
|
|a Москва
|c Техносфера
|d 2016
|
| 215 |
|
|
|a 412 с.
|c ил.
|
| 225 |
1 |
|
|a Мир радиоэлектроники
|
| 320 |
|
|
|a Библиография в конце глав.
|
| 320 |
|
|
|a Предметный указатель: с. 402-412.
|
| 330 |
|
|
|a В книге рассмотрены все традиционные вопросы, связанные с разработкой усилителей мощности, начиная от получения моделей приборов на большом сигнале и заканчивая обсуждением сумматоров мощности и методов проектирования.Большое внимание в издании уделено рассмотрению физических основ приборов, фазовых шумов, схем смещения и тепловому проектированию. Также в книге особое внимание уделяется рассмотрению фундаментальных принципов. Издание затрагивает необычайно большое количество областей, связанных с физикой полупроводников и активных устройств.Книга представляет интерес для специалистов, которые занимаются разработкой усилителей мощности для базовых станций сотовой связи. В особенности это относится к рассмотрению моделей на больших сигналах, проблем, связанных с фазовыми шумами, методов проектирования усилителей мощности, специальных конструкций усилителей мощности и теплового проектирования. Также данная книга может послужить в качестве справочного пособия при углубленном изучении СВЧ-устройств.
|
| 606 |
1 |
|
|a Усилители сверхвысокочастотные
|2 stltpush
|3 (RuTPU)RU\TPU\subj\63364
|9 80393
|
| 610 |
1 |
|
|a усилители мощности
|
| 610 |
1 |
|
|a активные приборы
|
| 610 |
1 |
|
|a физика
|
| 610 |
1 |
|
|a описание
|
| 610 |
1 |
|
|a моделирование
|
| 610 |
1 |
|
|a фазовый шум
|
| 610 |
1 |
|
|a СВЧ-усилители
|
| 610 |
1 |
|
|a изготовление
|
| 610 |
1 |
|
|a сумматоры
|
| 610 |
1 |
|
|a делители
|
| 610 |
1 |
|
|a КПД
|
| 610 |
1 |
|
|a коэффициент полезного действия
|
| 610 |
1 |
|
|a линейные усилители
|
| 610 |
1 |
|
|a схемы смещения
|
| 675 |
|
|
|a 621.375.029
|v 4
|
| 700 |
|
1 |
|a Сечи
|b Ф.
|
| 701 |
|
1 |
|a Буджатти
|b М.
|
| 801 |
|
1 |
|a RU
|b 63413507
|c 20151109
|
| 801 |
|
2 |
|a RU
|b 63413507
|c 20160204
|g RCR
|
| 900 |
|
|
|a Твердотельная электроника
|
| 900 |
|
|
|a Электроника СВЧ
|
| 900 |
|
|
|a Физические основы электроники
|
| 942 |
|
|
|c BK
|
| 959 |
|
|
|a 126/20151008
|d 1
|e 975,00
|f ЧЗТЛ:1
|